[Event "quick players"]
[Site "SchemingMind.com"]
[Date "2012.09.15"]
[Round "-"]
[White "The Capitalist"]
[Black "Phillip Beckett"]
[Result "1-0"]
[WhiteCountry "USA"]
[BlackCountry "ENG"]
[WhiteElo "1494"]
[WhiteRD "70"]
[BlackElo "1561"]
[BlackRD "46"]
[GameID "317786"]

1. e4 e5 2. Nf3 Nc6 3. Bb5 a6 4. Ba4 Nf6 5. O-O Be7 6. Re1 b5 7. Bb3 O-O 8. c3 d5 9. exd5 Nxd5 10. Nxe5 Nxe5
11. Rxe5 Nf6 12. d4 Bd6 13. Re1 Ng4 14. h3 Qh4 15. Qf3 Nxf2 16. Re2 Bb7 17. Qxb7 Qg3 18. Be3 Nd3 19. Kf1 Nf4 20. Bxf4 Qxf4+
21. Qf3 Qh2 22. g4 Qf4 23. Qxf4 Bxf4 24. Nd2 Kh8 25. Ne4 f5 26. gxf5 Rxf5 27. a4 Bc1+ 28. Nf2 Bh6 29. axb5 Rxb5 30. Rxa6 Rf8
31. Bc4 Rbf5 32. Ra7 Be3 33. Rxe3 Rxf2+ 34. Kg1 Rxb2 35. Rxc7 Rb1+ 36. Kg2 Rb2+ 37. Kg3 Rbf2 38. d5 h5 39. Be2 h4+ 40. Kxh4 Rg2
41. d6 g5+ 42. Kh5 Rff2 43. Re8+
1-0

[Event "quick players"]
[Site "SchemingMind.com"]
[Date "2012.09.15"]
[Round "-"]
[White "Phillip Beckett"]
[Black "The Capitalist"]
[Result "1-0"]
[WhiteCountry "ENG"]
[BlackCountry "USA"]
[WhiteElo "1561"]
[WhiteRD "46"]
[BlackElo "1494"]
[BlackRD "70"]
[GameID "317787"]

1. e4 c5 2. Nf3 d6 3. d4 cxd4 4. Nxd4 Nf6 5. Nc3 a6 6. Bg5 e6 7. f4 Qb6 8. Nb3 Be7 9. Qf3 Nbd7 10. O-O-O Qc7
11. Bd3 b5 12. a3 Bb7 13. Rhe1 Nc5 14. Nxc5 dxc5 15. Bxf6 Bxf6 16. f5 O-O 17. g4 Bxc3 18. bxc3 c4 19. Bf1 Rfd8 20. fxe6 Rxd1+
21. Rxd1 fxe6 22. Bh3 Qxh2 23. Rf1 Rd8 24. Qf7+
1-0

[Event "quick players"]
[Site "SchemingMind.com"]
[Date "2012.09.16"]
[Round "-"]
[White "ray winteringham"]
[Black "Phillip Beckett"]
[Result "1/2-1/2"]
[WhiteCountry "ENG"]
[BlackCountry "ENG"]
[WhiteElo "1532"]
[WhiteRD "50"]
[BlackElo "1561"]
[BlackRD "46"]
[GameID "317820"]

1. e4 e5 2. Nf3 Nc6 3. Nc3 Nf6 4. d3 d6 5. Be2 Be7 6. Be3 Ng4 7. O-O Nxe3 8. fxe3 O-O 9. Qd2 f5 10. exf5 Bxf5
11. e4 Bg4 12. h3 Bxf3 13. Bxf3 Nd4 14. Qd1 Nxf3+ 15. Rxf3 Qd7 16. Nd5 c6 17. Ne3 Rxf3 18. Qxf3 Rf8 19. Qe2 Bg5 20. Nf5 g6
21. Qg4 gxf5 22. Qxg5+ Qg7 23. Qe3 f4 24. Qxa7 f3 25. Qf2 fxg2 26. Qxg2 Rf3 27. Qxg7+ Kxg7 28. Kg2 Re3 29. Rc1 Re2+ 30. Kg3 Re3+
31. Kg4 h5+ 32. Kh4 Kh6 33. b3 Rf3 34. a4 Rf4+ 35. Kg3 h4+ 36. Kg2 Kg5 37. c4 Rf7 38. Rc2 Rg7 39. Kf3 Rf7+ 40. Ke3 Rf1
41. b4 Rh1 42. Rg2+ Kf6 43. Rf2+ Ke6 44. Rf3 Re1+ 45. Kd2 Rg1 46. Ke2 Rg2+ 47. Rf2 Rg3 48. Rf3 Rg2+=
1/2-1/2

[Event "quick players"]
[Site "SchemingMind.com"]
[Date "2012.09.17"]
[Round "-"]
[White "ray winteringham"]
[Black "The Capitalist"]
[Result "1-0"]
[WhiteCountry "ENG"]
[BlackCountry "USA"]
[WhiteElo "1532"]
[WhiteRD "50"]
[BlackElo "1494"]
[BlackRD "70"]
[GameID "317821"]

1. d4 d5 2. Nf3 Nf6 3. e3 e6 4. Bd3 c5 5. O-O Nc6 6. c3 Bd6 7. a3 Ne4 8. Nbd2 Nxd2 9. Bxd2 f6 10. e4 cxd4
11. cxd4 dxe4 12. Bxe4 Qb6 13. Qc2 Nxd4 14. Nxd4 Qxd4 15. Bxh7 Qh4 16. Bg6+ Ke7 17. h3 e5 18. Bf5 Bxf5 19. Qxf5 Qh5 20. Qe4 Rab8
21. Rfd1 f5 22. Qd5 e4 23. Bc3 Rh7 24. Qxd6+ Kf7 25. Qxb8 Qg6 26. Qc7+
1-0

[Event "quick players"]
[Site "SchemingMind.com"]
[Date "2012.09.16"]
[Round "-"]
[White "Phillip Beckett"]
[Black "ray winteringham"]
[Result "1-0"]
[WhiteCountry "ENG"]
[BlackCountry "ENG"]
[WhiteElo "1561"]
[WhiteRD "46"]
[BlackElo "1532"]
[BlackRD "50"]
[GameID "317822"]

1. e4 e5 2. Nf3 Nc6 3. Bb5 d6 4. d4 Bd7 5. dxe5 dxe5 6. Bxc6 Bd6 7. Bxd7+ Qxd7 8. O-O Nf6 9. Nc3 O-O 10. Bg5 Ne8
11. Nxe5 Bxe5 12. Qxd7
1-0

[Event "quick players"]
[Site "SchemingMind.com"]
[Date "2012.09.17"]
[Round "-"]
[White "The Capitalist"]
[Black "ray winteringham"]
[Result "1/2-1/2"]
[WhiteCountry "USA"]
[BlackCountry "ENG"]
[WhiteElo "1494"]
[WhiteRD "70"]
[BlackElo "1532"]
[BlackRD "50"]
[GameID "317823"]

1. e4 e5 2. Nf3 Nc6 3. Bb5 f6 4. d4 Bd6 5. c3 a6 6. dxe5 fxe5 7. Bg5 Nf6 8. Bxc6 bxc6 9. O-O h6 10. Bxf6 Qxf6
11. Re1 O-O 12. Nbd2 Bb7 13. Nc4 Bc5 14. Qxd7 Rf7 15. Qf5 Qe7 16. Qxe5 Bd6 17. Qxe7 Rxe7 18. Nxd6 cxd6 19. Rad1 Rd8 20. e5 Re6
21. exd6 Rexd6 22. Rxd6 Rxd6 23. g4 c5 24. Re8+ Kf7 25. Re3 Rf6 26. Ne5+ Kg8 27. b4 cxb4 28. cxb4 Rd6 29. f4 Rd1+ 30. Kf2 Rd2+
31. Re2 Rd4 32. a3 Rxf4+ 33. Kg3 g5 34. h4 Rd4 35. hxg5 hxg5 36. Nf3 Bxf3 37. Kxf3 Rd3+ 38. Re3 Rd6 39. Re8+ Kf7 40. Re3 Kf6
41. Re4 Rc6=
1/2-1/2

[Event "quick players"]
[Site "SchemingMind.com"]
[Date "2012.09.20"]
[Round "-"]
[White "Ricsige"]
[Black "Phillip Beckett"]
[Result "1-0"]
[WhiteCountry "AHO"]
[BlackCountry "ENG"]
[WhiteElo "1553"]
[WhiteRD "74"]
[BlackElo "1561"]
[BlackRD "46"]
[GameID "317992"]

1. d4 d5 2. c4 e6 3. Nc3 Nf6 4. Bg5 Be7 5. Nf3 h6 6. Bh4 O-O 7. e3 Ne4 8. Bxe7 Qxe7 9. Bd3 Nxc3 10. bxc3 dxc4
11. Bxc4 Nd7 12. O-O e5 13. Re1 exd4 14. cxd4 Nf6 15. Qb3 b6 16. Ne5 Bb7 17. Rac1 Rad8 18. Red1 Bd5 19. Bxd5 Nxd5 20. Nc6
1-0

[Event "quick players"]
[Site "SchemingMind.com"]
[Date "2012.09.19"]
[Round "-"]
[White "Ricsige"]
[Black "ray winteringham"]
[Result "0-1"]
[WhiteCountry "AHO"]
[BlackCountry "ENG"]
[WhiteElo "1397"]
[WhiteRD "65"]
[BlackElo "1496"]
[BlackRD "50"]
[GameID "317994"]

1. e4 e5 2. Nc3 Nf6 3. Bc4 Be7 4. d3 O-O 5. f4 Nc6 6. Nf3 Bc5 7. Na4 Qe7 8. a3 a6 9. Nxc5 Qxc5 10. b4 Qe7
11. O-O d6 12. f5 b5 13. Bb3 Bb7 14. Be3 a5 15. c3 a4 16. Ba2 Rad8 17. Bg5 h6 18. Bh4 Na7 19. Rc1 c5 20. Qd2= Kh7
21. Rce1 g6 22. fxg6+ fxg6 23. Kh1 g5 24. Bxg5 hxg5 25. Nxg5+ Kh8 26. Ne6 Qh7 27. Rf3 Ng4 28. Rh3 Nf2+ 29. Qxf2 Rxf2 30. Rxh7+ Kxh7
0-1

[Event "quick players"]
[Site "SchemingMind.com"]
[Date "2012.09.19"]
[Round "-"]
[White "ray winteringham"]
[Black "Ricsige"]
[Result "1-0"]
[WhiteCountry "ENG"]
[BlackCountry "AHO"]
[WhiteElo "1496"]
[WhiteRD "50"]
[BlackElo "1397"]
[BlackRD "65"]
[GameID "317997"]

1. e4 c5 2. Nc3 Nc6 3. Bc4 e6 4. Nf3 a6 5. O-O b5 6. Be2 d6 7. a3 Nf6 8. b3 Be7 9. d3 O-O 10. h3 Bb7
11. Be3 Rc8 12. Qd2 Qc7 13. a4 b4 14. Nd1
1-0

[Event "quick players"]
[Site "SchemingMind.com"]
[Date "2012.09.20"]
[Round "-"]
[White "fouche"]
[Black "Phillip Beckett"]
[Result "1/2-1/2"]
[WhiteCountry "COL"]
[BlackCountry "ENG"]
[WhiteElo "1557"]
[WhiteRD "67"]
[BlackElo "1618"]
[BlackRD "48"]
[GameID "318064"]

1. d4 d5 2. Nf3 Nf6 3. e3 e6 4. Bd3 c5 5. dxc5 Bxc5 6. O-O O-O 7. Bd2 Nc6 8. a3 d4 9. exd4 Nxd4 10. Nxd4 Bxd4
11. c3 Bb6 12. Bg5 h6 13. Bh4 Bd7 14. Nd2 Bc6 15. Nf3 Qe7 16. Qc2 Bd8 17. Ne5 Qc5 18. Nxc6 Qxc6 19. Rad1 Be7 20. Bxf6 Bxf6
21. Be4 Qc7 22. Rd3 Rad8 23. Rfd1 Rxd3 24. Rxd3 b6 25. Qd1 Rc8 26. Rd7 Qc5 27. Qd6 Qxd6 28. Rxd6 Rc7 29. Kf1 Kf8 30. Ke2 Ke7
31. Kd3 Rd7 32. Rxd7+ Kxd7 33. f4 g6 34. Kc4 Kd6= 35. Kb5 Kc7 36. g4=
1/2-1/2

[Event "quick players"]
[Site "SchemingMind.com"]
[Date "2012.09.20"]
[Round "-"]
[White "fouche"]
[Black "The Capitalist"]
[Result "1-0"]
[WhiteCountry "COL"]
[BlackCountry "USA"]
[WhiteElo "1557"]
[WhiteRD "67"]
[BlackElo "1454"]
[BlackRD "71"]
[GameID "318065"]

1. e4 c5 2. Nf3 d6 3. d4 cxd4 4. Nxd4 Nf6 5. Nc3 a6 6. Be2 Be6 7. O-O d5 8. exd5 Bxd5 9. Nxd5 Qxd5 10. c4 Qd7
11. Be3 Nc6 12. Nxc6 Qxc6 13. a3 e6 14. Rc1 Bc5 15. Bxc5 Qxc5 16. b4 Qe7 17. Qc2 O-O 18. Rfd1 Rfd8 19. Rxd8+ Rxd8 20. c5 Nd5
21. Bf3 b6 22. Bxd5 Rxd5 23. cxb6 g6 24. Qc8+ Kg7 25. h3 Rd7 26. Qxa6 Qd8 27. b7 Qb8 28. Rc8 Qxb7 29. Qxb7 Rxb7 30. Rc3 f5
31. Rb3 h5 32. a4 Kf7 33. b5 e5 34. a5 e4 35. b6 Ke7 36. a6 Rb8 37. b7 Kd7 38. a7
1-0

[Event "quick players"]
[Site "SchemingMind.com"]
[Date "2012.09.20"]
[Round "-"]
[White "fouche"]
[Black "ray winteringham"]
[Result "0-1"]
[WhiteCountry "COL"]
[BlackCountry "ENG"]
[WhiteElo "1557"]
[WhiteRD "67"]
[BlackElo "1496"]
[BlackRD "50"]
[GameID "318067"]

1. d4 d5 2. Nf3 Nf6 3. e3 Bg4 4. Be2 e6 5. O-O h6 6. c4 c6 7. Nc3 Nbd7 8. a3 Bd6 9. h3 Bxf3 10. Bxf3 O-O
11. cxd5 cxd5 12. Bd2 Nb6 13. Rc1 Nc4 14. Re1 Nxb2 15. Qc2 Bxa3 16. Ra1 Nc4 17. Qb3 Be7 18. Qc2 a6 19. Reb1 Na3 20. Rxa3 Bxa3
21. Rxb7 Bd6 22. Qa4 Qc8 23. Qb3 Rb8 24. Rxb8 Qxb8 25. g3 Qxb3
0-1

[Event "quick players"]
[Site "SchemingMind.com"]
[Date "2012.09.21"]
[Round "-"]
[White "Phillip Beckett"]
[Black "fouche"]
[Result "0-1"]
[WhiteCountry "ENG"]
[BlackCountry "COL"]
[WhiteElo "1618"]
[WhiteRD "48"]
[BlackElo "1557"]
[BlackRD "67"]
[GameID "318068"]

1. e4 e6 2. d4 d5 3. Nd2 dxe4 4. Nxe4 Nf6 5. Nxf6+ Qxf6 6. Nf3 Bb4+ 7. c3 Ba5 8. Bd3 Nd7 9. O-O O-O 10. Qc2 g6
11. Bg5 Qg7 12. h3 b6 13. Rae1 c5 14. dxc5 bxc5 15. Bc4 Bb7 16. Nh2 h6 17. Be3 Rac8 18. Qc1 Kh7 19. Ng4 g5 20. Bd3+ Kh8
21. h4 f6 22. hxg5 fxg5 23. f4 gxf4 24. Bxf4 Qxg4 25. Bxh6 Qxg2#
0-1

[Event "quick players"]
[Site "SchemingMind.com"]
[Date "2012.09.21"]
[Round "-"]
[White "The Capitalist"]
[Black "fouche"]
[Result "1-0"]
[WhiteCountry "USA"]
[BlackCountry "COL"]
[WhiteElo "1422"]
[WhiteRD "74"]
[BlackElo "1591"]
[BlackRD "66"]
[GameID "318069"]

1. e4 e6 2. d4 d5 3. Nc3 Bb4 4. e5 Ne7 5. a3 Ba5 6. Qg4 Ng6 7. b4 Bd7 8. bxa5 O-O 9. Bd3 Nc6 10. Nf3 Nxa5
11. O-O a6 12. Bg5 Qe8 13. Bxg6 hxg6 14. Qh4 Nc4 15. Be7 b6 16. Bxf8 Qxf8 17. Ng5 Qe8 18. Qh7+ Kf8 19. Qh8+ Ke7 20. Qxg7 Qf8
21. Qf6+ Ke8 22. Rfe1 Bc6 23. Re2 Qe7 24. Qxe7+ Kxe7 25. Rb1 Rh8 26. a4 Rh5 27. Nf3 Bd7 28. g4 Rh6 29. h4 Rh8 30. Kg2 f6
31. exf6+ Kxf6 32. g5+ Kf5 33. Rbe1 b5 34. axb5 axb5 35. Ne5 Be8 36. Nxc4 bxc4 37. Rxe6 Bd7 38. R1e5+ Kg4 39. f3+ Kh5 40. Re7 Bf5
41. Nxd5 Kxh4 42. Nxc7 Bxc2 43. Re8 Rh7 44. Re4+ Bxe4 45. Rxe4+ Kxg5 46. Ne6+ Kf6 47. d5 c3 48. Rc4 Ke5 49. Rxc3 Kxd5 50. Nf4+ Kd6
51. Rd3+ Ke5 52. Nxg6+ Kf6 53. Nf4 Kf5 54. Ne2 Ra7 55. Kg3 Rg7+ 56. Kf2 Ra7 57. Ke3 Re7+ 58. Kf2 Ra7 59. Ng3+ Kg6 60. f4 Ra2+
61. Kf3 Ra1 62. f5+ Kf7 63. Kf4 Ra4+ 64. Kg5 Ra7 65. f6 Ra5+ 66. Nf5 Ra7 67. Nh6+
1-0

[Event "quick players"]
[Site "SchemingMind.com"]
[Date "2012.09.21"]
[Round "-"]
[White "ray winteringham"]
[Black "fouche"]
[Result "1-0"]
[WhiteCountry "ENG"]
[BlackCountry "COL"]
[WhiteElo "1496"]
[WhiteRD "50"]
[BlackElo "1557"]
[BlackRD "67"]
[GameID "318071"]

1. e4 c5 2. Nf3 Nc6 3. Bb5 d6 4. O-O Bd7 5. h3 Nf6 6. d3 g6 7. Be3 Bg7 8. Nbd2 O-O 9. Bxc6 bxc6 10. a3 Qb6
11. b4 Qb5 12. c4 Qb6 13. Nb3 Qc7 14. Bf4 cxb4 15. axb4 Rab8 16. Ra4 e5 17. Be3 d5 18. Nfd2 dxe4 19. dxe4 Rb7 20. Nc5 Rbb8
21. Na6 Qb7 22. Qb3 c5 23. b5 Nxe4 24. Nxe4 Qxe4 25. Nxb8 Rxb8 26. Bxc5
1-0

[Event "quick players"]
[Site "SchemingMind.com"]
[Date "2012.10.04"]
[Round "-"]
[White "Steven DuCharme"]
[Black "fouche"]
[Result "1-0"]
[WhiteCountry "USA"]
[BlackCountry "COL"]
[WhiteElo "1543"]
[WhiteRD "56"]
[BlackElo "1557"]
[BlackRD "67"]
[GameID "318695"]

1. Nf3 d5 2. b3 Nf6 3. Bb2 e6 4. e3 Bd6 5. Be2 Nbd7 6. d3 O-O 7. Nbd2 c5 8. e4 dxe4 9. dxe4 b6 10. e5 Nxe5
11. Nxe5 Bb7 12. Bf3 Qc7 13. Ndc4 Rad8 14. Bxb7 Bxe5 15. Bxe5 Rxd1+ 16. Rxd1 Qxb7 17. O-O Nd5 18. a4 f6 19. Bb2 Nb4 20. Rd2
1-0

[Event "quick players"]
[Site "SchemingMind.com"]
[Date "2012.10.03"]
[Round "-"]
[White "Steven DuCharme"]
[Black "Phillip Beckett"]
[Result "0-1"]
[WhiteCountry "USA"]
[BlackCountry "ENG"]
[WhiteElo "1543"]
[WhiteRD "56"]
[BlackElo "1618"]
[BlackRD "48"]
[GameID "318696"]

1. Nf3 Nf6 2. c4 e6 3. d4 d5 4. e3 Be7 5. Bd3 dxc4 6. Bxc4 O-O 7. O-O Nbd7 8. Nc3 c5 9. b3 cxd4 10. Nxd4 Nb6
11. Bd3 Nbd5 12. Bb2 Bd7 13. a3 Nxc3 14. Bxc3 Rc8 15. Qd2 Nd5 16. Bb2 g6 17. e4 Nf6 18. Kh1 Bc6 19. Nxc6 Rxc6 20. Rfd1 Nh5
21. Rac1 Bg5 22. Qe2 Rxc1 23. Bxc1 Bxc1
0-1

[Event "quick players"]
[Site "SchemingMind.com"]
[Date "2012.10.03"]
[Round "-"]
[White "Steven DuCharme"]
[Black "The Capitalist"]
[Result "1-0"]
[WhiteCountry "USA"]
[BlackCountry "USA"]
[WhiteElo "1543"]
[WhiteRD "56"]
[BlackElo "1454"]
[BlackRD "71"]
[GameID "318697"]

1. g3 d5 2. Bg2 Nf6 3. d4 e6 4. Bg5 c5 5. dxc5 Qa5+ 6. Bd2 Qxc5 7. h3 Ne4 8. e3 Nxd2 9. Qxd2 Qb5 10. c3 Bd6
11. Ne2 Nc6 12. O-O O-O 13. Nd4 Nxd4 14. exd4 f6 15. Re1 Bd7 16. Bf1 Qc6 17. a4 Rae8 18. Bb5 Qc7 19. Bxd7 Qxd7 20. b4 e5
21. Kg2
1-0

[Event "quick players"]
[Site "SchemingMind.com"]
[Date "2012.10.03"]
[Round "-"]
[White "Steven DuCharme"]
[Black "ray winteringham"]
[Result "1-0"]
[WhiteCountry "USA"]
[BlackCountry "ENG"]
[WhiteElo "1543"]
[WhiteRD "56"]
[BlackElo "1496"]
[BlackRD "50"]
[GameID "318699"]

1. d4 d5 2. Nd2 Nc6 3. Ngf3 Nf6 4. g3 e6 5. Bg2 Bd6 6. O-O O-O 7. b3 h6 8. Bb2 b6 9. Re1 Bb7 10. a3 Ne7
11. c4 c6 12. e4 Nd7 13. e5 Bc7 14. Rc1 a6 15. Nf1 c5 16. h3 cxd4 17. Bxd4 Qb8 18. Qc2 Nf5 19. Ba1 b5 20. g4 Ne7
21. cxb5 Rc8 22. Qd3 axb5 23. Qxb5 Rd8 24. a4 Ra5 25. Qb4 Ng6 26. Nd4 Rc8 27. Nb5 Ra6 28. Nxc7 Rxc7 29. f4 Rb6 30. Qa5 Ra6
31. Qxc7 Qxc7 32. Rxc7 Bc6 33. Rc1 Ne7 34. Nd2 Kf8 35. Bb2 Ke8 36. Ba3 Kd8 37. Bf1 Rb6 38. Ra7 Nc8 39. Ra6 Rxa6 40. Bxa6
1-0

[Event "quick players"]
[Site "SchemingMind.com"]
[Date "2012.10.04"]
[Round "-"]
[White "fouche"]
[Black "Steven DuCharme"]
[Result "1/2-1/2"]
[WhiteCountry "COL"]
[BlackCountry "USA"]
[WhiteElo "1608"]
[WhiteRD "65"]
[BlackElo "1520"]
[BlackRD "55"]
[GameID "318700"]

1. d4 Nf6 2. c4 e6 3. Nc3 Bb4 4. Nf3 h6 5. e3 O-O 6. Bd3 d5 7. O-O a6 8. a3 Be7 9. Bd2 dxc4 10. Bxc4 b5
11. Ba2 b4 12. axb4 Bxb4 13. Rc1 Bb7 14. Re1 Bxc3 15. bxc3 Ne4 16. c4 Nxd2 17. Nxd2 Nd7 18. e4 c6 19. Nf3 Nb6 20. d5 exd5
21. cxd5 cxd5 22. exd5 Qd6 23. Re5 Rfe8 24. Rxe8+ Rxe8 25. Qd4 Nd7 26. h3 Re2 27. Bc4 Re8=
1/2-1/2

[Event "quick players"]
[Site "SchemingMind.com"]
[Date "2012.10.03"]
[Round "-"]
[White "Phillip Beckett"]
[Black "Steven DuCharme"]
[Result "1-0"]
[WhiteCountry "ENG"]
[BlackCountry "USA"]
[WhiteElo "1618"]
[WhiteRD "48"]
[BlackElo "1543"]
[BlackRD "56"]
[GameID "318701"]

1. e4 c5 2. Nf3 d6 3. d4 cxd4 4. Nxd4 a6 5. Nc3 g6 6. Be3 Bg7 7. f3 e6 8. Qd2 Nc6 9. O-O-O Bf8 10. Kb1 h6
11. Bc4 Ne5 12. Bb3 Nf6 13. h4 Nc6 14. g4 Bd7 15. g5 Nh5 16. Nde2 Na5 17. Nf4 Nxb3 18. axb3 Bc6 19. Nxh5 gxh5 20. gxh6 b5
21. Bg5 Qc7 22. Ne2 a5 23. Nf4 Rxh6 24. Bxh6
1-0

[Event "quick players"]
[Site "SchemingMind.com"]
[Date "2012.10.03"]
[Round "-"]
[White "The Capitalist"]
[Black "Steven DuCharme"]
[Result "1-0"]
[WhiteCountry "USA"]
[BlackCountry "USA"]
[WhiteElo "1427"]
[WhiteRD "71"]
[BlackElo "1520"]
[BlackRD "55"]
[GameID "318702"]

1. e4 c6 2. d4 e6 3. Nf3 d5 4. Nc3 Bb4 5. Bd3 h6 6. exd5 Qxd5 7. Bd2 Qh5 8. Ne5 Qxd1+ 9. Rxd1 Ne7 10. a3 Ba5
11. O-O Nd7 12. Nxd7 Bxd7 13. Ne4 Bc7 14. Nc5 Bc8 15. Rfe1 O-O 16. f4 b6 17. Ne4 Nf5 18. Bb4 Rd8 19. Bc3 Bxf4 20. g4 Nh4
21. Rf1 Be3+ 22. Kh1 Bb7 23. Bd2 Bxd4 24. c3 c5 25. cxd4 Rxd4 26. Bc2 Bxe4+ 27. Bxe4 Rxe4 28. Rf4 Re2 29. b3 Rd8 30. g5 hxg5
31. Rff1 Rdxd2 32. Rxd2 Rxd2 33. Kg1 f5 34. a4 Rb2 35. Re1 Nf3+ 36. Kf1
1-0

[Event "quick players"]
[Site "SchemingMind.com"]
[Date "2012.10.04"]
[Round "-"]
[White "Ricsige"]
[Black "Steven DuCharme"]
[Result "0-1"]
[WhiteCountry "AHO"]
[BlackCountry "USA"]
[WhiteElo "1397"]
[WhiteRD "65"]
[BlackElo "1543"]
[BlackRD "56"]
[GameID "318703"]

1. d4 Nf6 2. c4 b6 3. Nc3 Bb7 4. Nf3 e6 5. Bg5 Bb4 6. a3 Bxc3+ 7. bxc3 h6 8. Bxf6 Qxf6 9. e3 Bxf3 10. Qxf3 Qxf3
11. gxf3 O-O
0-1

[Event "quick players"]
[Site "SchemingMind.com"]
[Date "2012.10.04"]
[Round "-"]
[White "ray winteringham"]
[Black "Steven DuCharme"]
[Result "1/2-1/2"]
[WhiteCountry "ENG"]
[BlackCountry "USA"]
[WhiteElo "1496"]
[WhiteRD "50"]
[BlackElo "1543"]
[BlackRD "56"]
[GameID "318704"]

1. d4 Nf6 2. Nc3 d5 3. g3 c6 4. Bg2 g6 5. e3 Bg7 6. Nf3 Bg4 7. O-O Ne4 8. Qd3 Nxc3 9. Qxc3 Bxf3 10. Bxf3 Nd7
11. Qd3 e5 12. Bg2 e4 13. Qb3 b6 14. c3 O-O 15. f3 Nf6 16. Qc2 Re8 17. b4 a6 18. Bd2 h6 19. a3 b5 20. a4 Qd7
21. Qd1 exf3 22. Bxf3 Ne4 23. Bxe4 Rxe4 24. Kg2 Rae8 25. axb5 axb5 26. Ra6 f5 27. Qb3 R8e7 28. Rfa1 g5 29. Qd1 f4 30. Ra8+ Kh7
31. Qc2 fxg3 32. hxg3 Qg4 33. Qd1 Qxd1 34. Rxd1 g4 35. Rh1 Kg6 36. Rha1 Kg5 37. R1a7 Rxa7=
1/2-1/2

[Event "quick players"]
[Site "SchemingMind.com"]
[Date "2012.10.11"]
[Round "-"]
[White "lennart"]
[Black "Steven DuCharme"]
[Result "0-1"]
[WhiteCountry "SWE"]
[BlackCountry "USA"]
[WhiteElo "1502"]
[WhiteRD "54"]
[BlackElo "1543"]
[BlackRD "56"]
[GameID "319064"]

1. e4 c6 2. Nc3 d5 3. exd5 cxd5 4. d4 e6 5. Nf3 a6 6. Bd3 h6 7. a3 Bd6 8. h3 Nf6 9. g4 Bd7 10. Ne5 Nc6
11. Bf4 g5 12. Nxf7 Kxf7 13. Bxd6 Be8 14. Bh2 Rf8 15. Be2 Kg7 16. Bg3 Bg6 17. Qd2 Ne4 18. Nxe4 dxe4 19. Qc3 Kh7 20. O-O Nxd4
21. Bc4 Rf3 22. Qd2 Rxg3+ 23. Kh1 Nf3
0-1

[Event "quick players"]
[Site "SchemingMind.com"]
[Date "2012.10.11"]
[Round "-"]
[White "lennart"]
[Black "fouche"]
[Result "0-1"]
[WhiteCountry "SWE"]
[BlackCountry "COL"]
[WhiteElo "1490"]
[WhiteRD "55"]
[BlackElo "1608"]
[BlackRD "65"]
[GameID "319065"]

1. e4 c5 2. Nc3 Nc6 3. a3 d6 4. Nf3 Nf6 5. Bc4 e6 6. O-O Be7 7. h3 O-O 8. Rb1 a6 9. b4 cxb4 10. axb4 e5
11. b5 axb5 12. Nxb5 Be6 13. Bxe6 fxe6 14. Ng5 Qd7 15. d3 h6 16. Nf3 d5 17. exd5 exd5 18. Re1 Bd6 19. Bd2 Rae8 20. Nxd6 Qxd6
21. Rxb7 e4 22. dxe4 dxe4 23. Nh4 Qd5 24. Ng6 Rf7 25. Rb1 Kh7 26. Nf4 Qd6 27. Be3 Rd7 28. c3 Qc7 29. Qc2 Ne5 30. Rb4 Nd3
31. Nxd3 exd3 32. g3 dxc2
0-1

[Event "quick players"]
[Site "SchemingMind.com"]
[Date "2012.10.11"]
[Round "-"]
[White "lennart"]
[Black "Phillip Beckett"]
[Result "1/2-1/2"]
[WhiteCountry "SWE"]
[BlackCountry "ENG"]
[WhiteElo "1502"]
[WhiteRD "54"]
[BlackElo "1618"]
[BlackRD "48"]
[GameID "319066"]

1. e4 e5 2. a3 Nf6 3. d3 Nc6 4. Nc3 Be7 5. Nf3 d6 6. h3 h6 7. Nd5 Nxd5 8. exd5 Nb8 9. b4 O-O 10. c4 Bf6
11. Ra2 Re8 12. Nd2 Nd7 13. Be2 Nf8 14. Ne4 Ng6 15. Nxf6+ Qxf6 16. Bf3 Nf4 17. Bxf4 exf4+ 18. Re2 Rxe2+ 19. Bxe2 Qc3+ 20. Qd2 Qa1+
21. Bd1 Bf5 22. O-O Qd4 23. Re1 Kf8 24. Be2 Re8 25. Kf1 f3 26. Bxf3 Qxd3+ 27. Re2 Rxe2 28. Qxd3 Bxd3 29. Bxe2 Bxe2+ 30. Kxe2 Ke7
31. Ke3 Kf6 32. Ke4 g6 33. b5 Ke7 34. a4 f5+ 35. Kf4 Kf6 36. h4 g5+ 37. hxg5+ hxg5+ 38. Kf3 Ke5 39. Ke3 b6 40. f3 Kf6=
1/2-1/2

[Event "quick players"]
[Site "SchemingMind.com"]
[Date "2012.10.11"]
[Round "-"]
[White "lennart"]
[Black "The Capitalist"]
[Result "1-0"]
[WhiteCountry "SWE"]
[BlackCountry "USA"]
[WhiteElo "1502"]
[WhiteRD "54"]
[BlackElo "1454"]
[BlackRD "71"]
[GameID "319067"]

1. e4 c5 2. Nf3 d6 3. Nc3 Nc6 4. h3 Nf6 5. d4 cxd4 6. e5 Nxe5 7. Qxd4 Nxf3+ 8. gxf3 e5 9. Qd2 a6 10. a3 Be7
11. Qe3 O-O 12. Bd2 Bd7 13. O-O-O
1-0

[Event "quick players"]
[Site "SchemingMind.com"]
[Date "2012.10.11"]
[Round "-"]
[White "lennart"]
[Black "ray winteringham"]
[Result "0-1"]
[WhiteCountry "SWE"]
[BlackCountry "ENG"]
[WhiteElo "1502"]
[WhiteRD "54"]
[BlackElo "1496"]
[BlackRD "50"]
[GameID "319069"]

1. e4 e5 2. Nf3 d6 3. Nc3 Nf6 4. d4 exd4 5. Qxd4 Nc6 6. Qd1 Be7 7. h3 O-O 8. a3 a6 9. Bc4 Be6 10. Bxe6 fxe6
11. Be3 h6 12. Qe2 Nd7 13. O-O-O b5 14. g4 Na5 15. Kb1 Bf6 16. Nd4 Bxd4 17. Bxd4 e5 18. Be3 c6 19. Rxd6 Qc7 20. Rdd1 Nb6
21. Bxb6 Qxb6 22. h4 b4 23. Na4 Qb8 24. Rh3 bxa3 25. Rxa3 Qb4 26. c3 Qe7 27. Nb6 Rab8 28. Qxa6 Rxb6 29. Qxa5 Rfb8 30. Ra2 Qxh4
31. Rc1 Qxf2 32. Rc2 Qe1+ 33. Rc1 Qxe4+ 34. Ka1 Qxg4 35. Qxe5 Rb5 36. Qd6 Qg5 37. Rb1 R5b6 38. Qe6+ Kh8 39. Qc4 Qf5 40. Qd4 Qd5
41. Qe3 c5 42. Qc1 Ra8 43. b3 Rxa2+ 44. Kxa2 Ra6+ 45. Kb2 Qg2+ 46. Qc2 Ra2+
0-1

[Event "quick players"]
[Site "SchemingMind.com"]
[Date "2012.10.11"]
[Round "-"]
[White "Steven DuCharme"]
[Black "lennart"]
[Result "0-1"]
[WhiteCountry "USA"]
[BlackCountry "SWE"]
[WhiteElo "1543"]
[WhiteRD "56"]
[BlackElo "1502"]
[BlackRD "54"]
[GameID "319070"]

1. e4 e5 2. Nf3 d6 3. d4 exd4 4. Nxd4 Nf6 5. Bd3 h6 6. O-O Bd7 7. Re1 Nc6 8. c3 Qe7 9. Nb5 O-O-O 10. a4 a6
11. Nd4 Nxd4 12. cxd4 g5 13. e5 dxe5 14. Rxe5 Be6 15. Bf5 Kb8 16. Bxe6 fxe6 17. b3 Bg7 18. Ba3 Qf7 19. Ra2 h5 20. Rae2 Ng4
21. R5e4 e5 22. h3 Nf6 23. Rxe5 g4 24. Re7 Qg6 25. h4 g3 26. Qc1 gxf2+ 27. Rxf2 Nd5 28. Ref7 Bxd4
0-1